Pracovné podmienky a ich vplyv na výkonnosť zamestnancov
Pracovné prostredie. Priestorové, funkčné a estetické podmienky. Fyzikálne pracovné podmienky. Organizačné podmienky práce. Sociálno-psychologické pracovné podmienky.
Na minha lista:
| Autor principal: | |
|---|---|
| Outros Autores: | |
| Formato: | Capítulo de Livro |
| Idioma: | eslovaco |
| Assuntos: | |
| Tags: |
Sem tags, seja o primeiro a adicionar uma tag!
|
MARC
| LEADER | 00000nla a2200000 4500 | ||
|---|---|---|---|
| 001 | 0240128 | ||
| 005 | 20240502073909.5 | ||
| 041 | 0 | |a slo | |
| 044 | |a SK | ||
| 245 | 1 | 0 | |a Pracovné podmienky a ich vplyv na výkonnosť zamestnancov |
| 520 | |a Pracovné prostredie. Priestorové, funkčné a estetické podmienky. Fyzikálne pracovné podmienky. Organizačné podmienky práce. Sociálno-psychologické pracovné podmienky. | ||
| 610 | 2 | 0 | |a zamestnávatelia |
| 610 | 2 | 0 | |a kvalita práce |
| 610 | 2 | 0 | |a prostredie pracovné |
| 610 | 2 | 0 | |a zamestnanci |
| 610 | 2 | 0 | |a výkonnosť |
| 610 | 2 | 0 | |a výkony pracovné |
| 610 | 2 | 0 | |a bezpečnosť práce |
| 100 | 1 | |a Štofová, Lenka, 1989- | |
| 700 | 1 | |a Szaryszová, Petra, 1984- | |